000 00648nam a22002297a 4500
003 UA-OsUOA
001 98951
007 ta
008 20130422b un ||||| |||| 00| 0 ukr d
100 _aБоккаччо Д.
090 _a811.131.1
_bБ78
942 _cBK
040 _aUA-OsUOA
_brus
_cUA-OsUOA
_dUA-OsUOA
245 _aДекамерон
300 _a702 с.
955 _a3
041 _arus
080 _a811.131.1
260 _aМ.
_bХудожественная литература
_c1970
650 7 _a8 Мовознавство. Художня література. Літературознавство
_2UDC
999 _c384981
_d384981